<?xml version="1.0" encoding="UTF-8"?>
<record
    xmlns:xsi="http://www.w3.org/2001/XMLSchema-instance"
    xsi:schemaLocation="http://www.loc.gov/MARC21/slim http://www.loc.gov/standards/marcxml/schema/MARC21slim.xsd"
    xmlns="http://www.loc.gov/MARC21/slim">

  <leader>01122nam a22002537a 4500</leader>
  <controlfield tag="001">38460</controlfield>
  <controlfield tag="003">BD-RjUL</controlfield>
  <controlfield tag="005">20211209052813.0</controlfield>
  <controlfield tag="008">160531s1978    bg ||||| |||| 00| f ben d</controlfield>
  <datafield tag="020" ind1=" " ind2=" ">
    <subfield code="c">: Tk. 15.50</subfield>
  </datafield>
  <datafield tag="035" ind1=" " ind2=" ">
    <subfield code="a">(BD-RjUL) 38565</subfield>
  </datafield>
  <datafield tag="040" ind1=" " ind2=" ">
    <subfield code="a">BD-RjUL</subfield>
    <subfield code="b">ben</subfield>
    <subfield code="c">BD-RjUL</subfield>
  </datafield>
  <datafield tag="041" ind1=" " ind2=" ">
    <subfield code="a">ben</subfield>
  </datafield>
  <datafield tag="082" ind1=" " ind2=" ">
    <subfield code="2">23</subfield>
    <subfield code="a">822.33</subfield>
    <subfield code="b">SHA 1978</subfield>
  </datafield>
  <datafield tag="100" ind1="1" ind2=" ">
    <subfield code="a">&#x9B6;&#x9C7;&#x995;&#x9CD;&#x9B8;&#x9AA;&#x9C0;&#x9AF;&#x9BC;&#x9B0;, &#x987;&#x989;&#x9B2;&#x9BF;&#x9AF;&#x9BC;&#x9BE;&#x9AE;</subfield>
    <subfield code="9">118749</subfield>
  </datafield>
  <datafield tag="245" ind1="1" ind2="0">
    <subfield code="a">&#x985;&#x9CD;&#x9AF;&#x9BE;&#x9A3;&#x9CD;&#x99F;&#x9A8;&#x9C0; &#x993; &#x995;&#x9CD;&#x9B2;&#x9BF;&#x993;&#x9AA;&#x9C7;&#x99F;&#x9CD;&#x9B0;&#x9BE; /</subfield>
    <subfield code="c">&#x987;&#x989;&#x9B2;&#x9BF;&#x9AF;&#x9BC;&#x9BE;&#x9AE; &#x9B6;&#x9C7;&#x995;&#x9CD;&#x9B8;&#x9AA;&#x9C0;&#x9AF;&#x9BC;&#x9B0; ; &#x985;&#x9A8;&#x9C1;&#x9AC;&#x9BE;&#x9A6; &#x986;&#x9AC;&#x9C1; &#x9B6;&#x9BE;&#x9B9;&#x9B0;&#x9BF;&#x9AF;&#x9BC;&#x9BE;&#x9B0;</subfield>
  </datafield>
  <datafield tag="260" ind1=" " ind2=" ">
    <subfield code="a">&#x9A2;&#x9BE;&#x995;&#x9BE; :</subfield>
    <subfield code="b">&#x9AC;&#x9BE;&#x982;&#x9B2;&#x9BE; &#x98F;&#x995;&#x9BE;&#x9A1;&#x9C7;&#x9AE;&#x9C0;,</subfield>
    <subfield code="c">&#x9E7;&#x9EF;&#x9ED;&#x9EE;</subfield>
  </datafield>
  <datafield tag="300" ind1=" " ind2=" ">
    <subfield code="a">&#x9E7;&#x9ED;&#x9EC; &#x9AA;&#x9C3;. ;</subfield>
    <subfield code="c">&#x9E8;&#x9E8; &#x9B8;&#x9C7;&#x9AE;&#x9BF;.</subfield>
  </datafield>
  <datafield tag="504" ind1=" " ind2=" ">
    <subfield code="a">&#x997;&#x9CD;&#x9B0;&#x9A8;&#x9CD;&#x9A5;&#x9AA;&#x99E;&#x9CD;&#x99C;&#x9BF; &#x9B8;&#x982;&#x9AF;&#x9C1;&#x995;&#x9CD;&#x9A4;</subfield>
  </datafield>
  <datafield tag="600" ind1=" " ind2=" ">
    <subfield code="a">&#x985;&#x9CD;&#x9AF;&#x9BE;&#x9A3;&#x9CD;&#x99F;&#x9A8;&#x9C0;, &#x9AE;&#x9BE;&#x9B0;&#x9CD;&#x995;&#x9BE;&#x9B8;,</subfield>
    <subfield code="d">&#x9EE;&#x9E9; &#x996;&#x9C3;.&#x9AA;&#x9C2;.?-&#x9E9;&#x9E6; &#x996;&#x9C3;.&#x9AA;&#x9C2;.</subfield>
    <subfield code="x">&#x9A8;&#x9BE;&#x99F;&#x995;</subfield>
    <subfield code="9">118766</subfield>
  </datafield>
  <datafield tag="600" ind1=" " ind2=" ">
    <subfield code="a">Antonius, Marcus,    </subfield>
    <subfield code="d">83 B.C.?-30 B.C.</subfield>
    <subfield code="x">Drama.</subfield>
    <subfield code="9">127558</subfield>
  </datafield>
  <datafield tag="700" ind1=" " ind2=" ">
    <subfield code="a">&#x9B6;&#x9BE;&#x9B9;&#x9B0;&#x9BF;&#x9AF;&#x9BC;&#x9BE;&#x9B0;, &#x986;&#x9AC;&#x9C1; </subfield>
    <subfield code="9">118763</subfield>
  </datafield>
  <datafield tag="942" ind1=" " ind2=" ">
    <subfield code="2">ddc</subfield>
    <subfield code="c">BK</subfield>
  </datafield>
  <datafield tag="999" ind1=" " ind2=" ">
    <subfield code="c">38460</subfield>
    <subfield code="d">38460</subfield>
  </datafield>
  <datafield tag="952" ind1=" " ind2=" ">
    <subfield code="0">0</subfield>
    <subfield code="1">0</subfield>
    <subfield code="2">ddc</subfield>
    <subfield code="4">0</subfield>
    <subfield code="7">0</subfield>
    <subfield code="8">FIC</subfield>
    <subfield code="a">RUCL</subfield>
    <subfield code="b">RUCL</subfield>
    <subfield code="c">Stack</subfield>
    <subfield code="d">1983-08-07</subfield>
    <subfield code="e">Aligor Library, Rajshahi</subfield>
    <subfield code="g">15.50</subfield>
    <subfield code="l">0</subfield>
    <subfield code="o">B 822.33 SHA 1978</subfield>
    <subfield code="r">2015-12-08 00:00:00</subfield>
    <subfield code="t">C-2</subfield>
    <subfield code="w">2021-12-09</subfield>
    <subfield code="y">BK</subfield>
  </datafield>
  <datafield tag="952" ind1=" " ind2=" ">
    <subfield code="0">0</subfield>
    <subfield code="1">0</subfield>
    <subfield code="2">ddc</subfield>
    <subfield code="4">0</subfield>
    <subfield code="7">0</subfield>
    <subfield code="8">FIC</subfield>
    <subfield code="a">RUCL</subfield>
    <subfield code="b">RUCL</subfield>
    <subfield code="c">Stack</subfield>
    <subfield code="d">1980-02-06</subfield>
    <subfield code="e">Niomito Book Shop, Rajshahi</subfield>
    <subfield code="g">15.00</subfield>
    <subfield code="l">0</subfield>
    <subfield code="o">B 822.33 SHA 1978</subfield>
    <subfield code="r">2016-05-31 00:00:00</subfield>
    <subfield code="t">C-3</subfield>
    <subfield code="w">2021-12-09</subfield>
    <subfield code="y">BK</subfield>
  </datafield>
</record>
